书目信息 |
| 题名: |
书香润泽心灵
|
|
| 作者: | 吴丹 , 陆瑾 编著 | |
| 分册: | ||
| 出版信息: | 上海 华东师范大学出版社 2019.12 |
|
| 页数: | 190页 | |
| 开本: | 26cm | |
| 丛书名: | ||
| 单 册: | ||
| 中图分类: | G612 | |
| 科图分类: | ||
| 主题词: | 学前教育--课程--教学研究 | |
| 电子资源: | ||
| ISBN: | 978-7-5675-9214-8 | |
| 000 | 01404nam0 2200277 450 | |
| 001 | 0103152652 | |
| 005 | 20201103152731.0 | |
| 010 | @a978-7-5675-9214-8@dCNY49.00 | |
| 100 | @a20200408d2019 em y0chiy50 ea | |
| 101 | 0 | @achi |
| 102 | @aCN@b310000 | |
| 105 | @aa z 000yy | |
| 106 | @ar | |
| 200 | 1 | @a书香润泽心灵@Ashu xiang run ze xin ling@e核心素养背景下幼儿园“书香”特色课程的建构@f吴丹, 陆瑾编著 |
| 210 | @a上海@c华东师范大学出版社@d2019.12 | |
| 215 | @a190页@c图@d26cm | |
| 312 | @a封面英文题名:Effective strategies and activities to let children grow with fragrance of books at your early childhood education classroom | |
| 330 | @a本书是将中国传统文化渗透进幼儿园课程的具体研究和实践做法,内容分为:第一章“书香”文化:根深才能叶茂;第二章实施途径:“PLAY”的乐趣;第三章“书香”环境:浸润的力量;第四章“书香”特色活动内容指引;第五章“书香”特色活动方案、第六章“书香”特色精彩案例等章节。 | |
| 510 | 1 | @aEffective strategies and activities to let children grow with fragrance of books at your early childhood education classroom@zeng |
| 517 | 1 | @a核心素养背景下幼儿园“书香”特色课程的建构@Ahe xin su yang bei jing xia you er yuan“shu xiang”te se ke cheng de jian gou |
| 606 | 0 | @a学前教育@x课程@x教学研究 |
| 690 | @aG612@v5 | |
| 701 | 0 | @a吴丹@Awu dan@c(女)@4编著 |
| 701 | 0 | @a陆瑾@Alu jin@c(女)@4编著 |
| 801 | 0 | @aCN@bBJSZM@c20201103 |
| 905 | @b1256641-5@dG612@e1066@f5 | |
| 书香润泽心灵:核心素养背景下幼儿园“书香”特色课程的建构/吴丹, 陆瑾编著.-上海:华东师范大学出版社,2019.12 |
| 190页:图;26cm |
| ISBN 978-7-5675-9214-8:CNY49.00 |
| 本书是将中国传统文化渗透进幼儿园课程的具体研究和实践做法,内容分为:第一章“书香”文化:根深才能叶茂;第二章实施途径:“PLAY”的乐趣;第三章“书香”环境:浸润的力量;第四章“书香”特色活动内容指引;第五章“书香”特色活动方案、第六章“书香”特色精彩案例等章节。 |
| ● |
| 相关链接 |
|
|
|
|
正题名:书香润泽心灵
索取号:G612/1066
 
预约/预借
| 序号 | 登录号 | 条形码 | 馆藏地/架位号 | 状态 | 备注 |
| 1 | 1256641 | 212566418 | 第一样本阅览室/ [索取号:G612/1066] | 在馆 | |
| 2 | 1256642 | 212566427 | 教育系资料室/ [索取号:G612/1066] | 在馆 | |
| 3 | 1256643 | 212566436 | 教育系资料室/ [索取号:G612/1066] | 在馆 | |
| 4 | 1256644 | 212566445 | 第四借阅区/ [索取号:G612/1066] | 在馆 | |
| 5 | 1256645 | 212566454 | 第四借阅区/ [索取号:G612/1066] | 在馆 |